000
00453nam a2200169Ia 4500
008
090711s9999 xx 000 0 und d
082
_b
1647
100
_a
बापट वसंत
245
_a
फिरकी
260
_b
साधना प्रकाशन
_c
1994
300
_a
30
600
_a
बापट वसंत
630
_a
फिरकी
700
_a
बापट वसंत
730
_a
फिरकी
942
_c
BOOK
999
_c
334519
_d
334519